000 00574nam a2200229Ia 4500
003 OSt
005 20220924153007.0
006 a|||||r|||| 00| 0
007 ta
008 220923b |||||||| |||| 00| 0 guj d
024 _a346342
037 _cTextual
040 _aARTS
_cARTS
_bguj
041 _2guj
_aguj
082 _aO156,3:g, L3
100 _aSuhasi
_9227943
245 0 _aGujrat nawal kathanam rastriya asmeta
260 _c1973
650 _aGUJRATI LITERATURE
942 _hO156,3:g, L3
_cTEXL
_2CC
999 _c471884
_d471884